| 000 | 01453cab a2200241 4500 | ||
|---|---|---|---|
| 001 | ##L131657 | ||
| 008 | 051128n2005 000 0 eng u | ||
| 035 | _a(Sirsi) u131657 | ||
| 041 | 0 | _aeng | |
| 100 | 1 | _aDeLaney, Caroline | |
| 245 | 0 | 0 | _aShadow over development |
| 260 | 3 | _c2005 | |
| 490 | 0 |
_aEstates Gazette _v(0546) 19 November 2005, 169-170(2) |
|
| 520 | _aConsiders the increasing importance to developers of good access to light both in terms of planning and design and private legal rights to light. Examines the main guidance to rights of light: PPG3, the Town and Country Planning Act 1990 s237 and key judgments such as "Midtown Ltd v City of London Real Property Co Ltd" ([2005] EWHC 33 (Ch), [2005] , Abs68690). Concludes that new buildings on urban sites must be designed to allow in sufficient daylight and to respect existing neighbouring uses. Neighbouring landowners have rights to prevent infringements to their rights of light but local authorities have the power to convert rights into compensation to allow development to proceed. | ||
| 590 | _aIKA061205 | ||
| 650 | 2 | 4 | _aTOWN AND COUNTRY PLANNING ACT 1990 S237 |
| 650 | 2 | 4 | _aCITY OF LONDON V INTERCEDE 1765 LTD |
| 650 | 2 | 4 | _aMIDTOWN LTD V CITY OF LONDON REAL PROPERTY CO LTD |
| 650 | 2 | 4 | _aPLANNING POLICY GUIDANCE NOTE THREE |
| 690 | _aPROPERTY-PROPERTY MANAGEMENT-EASEMENTS-RIGHTS TO LIGHT DETERMINATION-RIGHTS TO LIGHT | ||
| 700 | 1 | _aKitson, Tony | |
| 942 | _n0 | ||
| 999 |
_c76226 _d76226 |
||